| 000 | 01200nam a2200373 a 4500 | ||
|---|---|---|---|
| 001 | 26243 | ||
| 003 | CO-ViMGA | ||
| 005 | 20230915232152.0 | ||
| 006 | a5201136 | ||
| 008 | 141112s2004 ck r 000 u spa d | ||
| 015 | _aMON1205 | ||
| 017 | _aM 1705 - 2012 Oficina Depósito Legal Madrid | ||
| 020 | _a9788467828795 | ||
| 035 | _a(OCoLC)796300210 | ||
| 040 |
_aCO-ViMGA _bspa _cCO-ViMGA |
||
| 041 |
_aspa _beng |
||
| 080 | _a087.5 : 620.92 | ||
| 090 | _aGREe | ||
| 100 | 1 |
_aGreen, Jen _940972 |
|
| 240 | _aWhy should I save energy? Español | ||
| 245 | 1 | 0 | _a¿Por qué debo ahorrar energía? escrito por Jen Green ; ilustrado por Mike Gordon ; [traducción, Fuencisla del Amo] |
| 250 | _a1a. ed. | ||
| 260 | _aMadrid Anaya 2012 | ||
| 300 | _a31 p. il. col. 22 cm | ||
| 336 | _aImagen (fija ; bidimensional ; visual) Texto (visual) isbdcontent | ||
| 337 | _asin mediación isbdmedia | ||
| 490 | _a¿Por qué debo | ||
| 594 | _aTítulo original : Why should I save energy? | ||
| 650 | 1 | 4 |
_aAhorro de energía - Libros infantiles _940973 |
| 700 | 1 |
_aGordon, Mike 1948 - _940974 |
|
| 926 | _aBNALCALA SG_PETANTI 12/841678 FONDO_MODE 1 | ||
| 942 |
_2ddc _cBK |
||
| 956 | _a2 | ||
| 999 |
_c33430 _d33430 |
||